Peport of agro-inducstrial situation in cambodia (Record no. 9061)
[ view plain ]
| 000 -LEADER | |
|---|---|
| fixed length control field | 00258nam a22001217a 4500 |
| 040 ## - CATALOGING SOURCE | |
| Transcribing agency | SK |
| 082 ## - DEWEY DECIMAL CLASSIFICATION NUMBER | |
| Classification number | 558 |
| 100 ## - MAIN ENTRY--AUTHOR NAME | |
| Personal name | MARTIN GUMMENT |
| 245 ## - TITLE STATEMENT | |
| Title | Peport of agro-inducstrial situation in cambodia |
| 260 ## - PUBLICATION, DISTRIBUTION, ETC. (IMPRINT) | |
| Place of publication | NA |
| Name of publisher | MAR |
| Year of publication | 2003 |
| 300 ## - PHYSICAL DESCRIPTION | |
| Number of Pages | 33p. |
| 942 ## - ADDED ENTRY ELEMENTS (KOHA) | |
| Koha item type | សៀវភៅភាសាអង់គ្លេស |
| 952 ## - LOCATION AND ITEM INFORMATION (KOHA) | |
| Withdrawn status [LOCAL, KOHA] | 0 |
| Permanent Location | Date acquired | Koha item type | Lost status | Shelving location | Barcode | Current Location | Full call number |
|---|---|---|---|---|---|---|---|
| Library Block C | 2016-08-23 | សៀវភៅភាសាអង់គ្លេស | C165 | RUA045262 | Library Block C | 558 MAR 2003 C165 |